[Event "South America-ch U20 Girls"]
[Site "Asuncion"]
[Date "2019.05.12"]
[Round "3"]
[White "Sanchez Tobar, Francisca Valentina"]
[Black "Lugo, Sabrina"]
[Result "1-0"]
[WhiteElo "1790"]
[BlackElo "1092"]
[PlyCount "47"]
[EventDate "2019.05.11"]
[EventType "swiss"]
[EventRounds "9"]
[EventCountry "PAR"]
[SourceTitle "CBM 190 Extra"]
[Source "ChessBase"]
[SourceDate "2019.07.15"]
[SourceVersion "1"]
[SourceVersionDate "2019.07.15"]
[SourceQuality "1"]

1. e4 e5 2. Nf3 Nc6 3. Nc3 Nf6 4. d4 exd4 5. Nxd4 Nxd4 6. Qxd4 d6 7. f3 Be7 8. Be3 0-0 9. 0-0-0 Be6 10. Be2 Re8 11. h4 Nh5 12. Bf2 Nf4 13. Bf1 Bd7 14. Qd2 Ne6 15. f4 Bc6 16. Bd3 a5 17. h5 h6 18. Be3 b6 19. g4 f6 20. Bc4 b5 21. Bxe6+ Kh8 22. f5 b4 23. Nd5 Bxd5 24. exd5 1-0

[Event "PAR-ch U16"]
[Site "Asuncion"]
[Date "2019.02.08"]
[Round "8"]
[White "Amarilla Sandoval, Alejandro"]
[Black "Lugo, Sabrina"]
[Result "1-0"]
[WhiteElo "1382"]
[BlackElo "1150"]
[PlyCount "77"]
[EventDate "2019.02.04"]
[EventType "swiss"]
[EventRounds "9"]
[EventCountry "PAR"]
[SourceTitle "CBM 189 Extra"]
[Source "ChessBase"]
[SourceDate "2019.06.03"]
[SourceVersion "1"]
[SourceVersionDate "2019.06.03"]
[SourceQuality "1"]

1. d4 Nf6 2. Bf4 g6 3. Nf3 Bg7 4. e3 0-0 5. Be2 d6 6. 0-0 b6 7. c4 Bb7 8. Nc3 Nbd7 9. Rc1 Nh5 10. Bg5 Nhf6 11. Nd2 Re8 12. Bf3 Bxf3 13. Qxf3 c5 14. Nce4 Nxe4 15. Nxe4 Nf6 16. Bxf6 exf6 17. dxc5 dxc5 18. Rfd1 Qc7 19. Nxf6+ Bxf6 20. Qxf6 Rad8 21. Rd5 Rxd5 22. cxd5 Rd8 23. e4 Qd6 24. Qxd6 Rxd6 25. Rd1 f6 26. f4 Kf7 27. e5 fxe5 28. fxe5 Rd8 29. Kf2 a6 30. Ke3 a5 31. Ke4 h6 32. Rf1+ Kg7 33. e6 Rf8 34. Rxf8 Kxf8 35. d6 c4 36. Kd5 Ke8 37. e7 b5 38. Ke6 b4 39. d7# 1-0

[Event "PAR-ch U16"]
[Site "Asuncion"]
[Date "2018.03.18"]
[Round "7.3"]
[White "Lugo, Sabrina"]
[Black "Jodorcovsky, Paulo Leonardo"]
[Result "0-1"]
[WhiteElo "1276"]
[BlackElo "1673"]
[PlyCount "136"]
[EventDate "2018.03.16"]
[EventType "swiss"]
[EventRounds "7"]
[EventCountry "PAR"]
[SourceTitle "EXT 2023"]
[Source "ChessBase"]
[SourceDate "2022.10.05"]
[SourceVersion "1"]
[SourceVersionDate "2022.10.05"]
[SourceQuality "1"]

1. d4 d5 2. Bf4 Nf6 3. e3 e6 4. Nd2 c5 5. dxc5 Bxc5 6. c3 Nc6 7. Ngf3 0-0 8. Be2 Bd6 9. Bg3 Re8 10. Qc2 h6 11. 0-0 e5 12. e4 Be6 13. exd5 Bxd5 14. Bc4 Bc5 15. Bxd5 Qxd5 16. c4 Qd7 17. Ne4 Nxe4 18. Qxe4 f5 19. Qd5+ Qxd5 20. cxd5 Nd4 21. Nxd4 Bxd4 22. Rab1 f4 23. Bxf4 exf4 24. Rfd1 Bc5 25. d6 Rad8 26. Rd3 Rxd6 27. Rxd6 Bxd6 28. Rd1 Kf7 29. h3 Bc5 30. Kf1 Re7 31. Rd5 Bb4 32. f3 g5 33. Rd4 Re1+ 34. Kf2 Bc5 35. Kxe1 Bxd4 36. b3 Ke6 37. Ke2 Kd5 38. Kd3 a5 39. a3 a4 40. bxa4 Bb2 41. Kc2 Bxa3 42. Kb3 Kd4 43. Kxa3 Ke3 44. a5 Kf2 45. Kb4 Kxg2 46. Kb5 Kxf3 47. Kb6 Kg2 48. Kxb7 f3 49. a6 f2 50. a7 f1Q 51. a8Q Qf3+ 52. Kb8 Qxa8+ 53. Kxa8 Kxh3 54. Kb7 g4 55. Kc6 g3 56. Kd5 g2 57. Ke4 g1Q 58. Kd5 Qe3 59. Kd6 Qe4 60. Kc5 Qd3 61. Kc6 Qd4 62. Kb5 Kg3 63. Ka6 Qb2 64. Ka7 Kf4 65. Ka8 Ke5 66. Ka7 Kd6 67. Ka8 Kc6 68. Ka7 Qb7# 0-1

[Event "PAR-ch U20"]
[Site "Asuncion"]
[Date "2018.03.02"]
[Round "1.3"]
[White "Lugo, Sabrina"]
[Black "Cantero, Rodolfo"]
[Result "0-1"]
[WhiteElo "1276"]
[BlackElo "2032"]
[PlyCount "66"]
[EventDate "2018.03.02"]
[EventType "swiss"]
[EventRounds "7"]
[EventCountry "PAR"]
[SourceTitle "EXT 2023"]
[Source "ChessBase"]
[SourceDate "2022.10.05"]
[SourceVersion "1"]
[SourceVersionDate "2022.10.05"]
[SourceQuality "1"]

1. d4 Nf6 2. Bf4 c5 3. e3 Qb6 4. dxc5 Qxb2 5. Nd2 Nc6 6. Be2 e5 7. Bg3 Bxc5 8. e4 0-0 9. Ngf3 d6 10. 0-0 Nh5 11. Bh4 Nf4 12. Re1 Nxe2+ 13. Rxe2 Bd4 14. Nxd4 Nxd4 15. Re3 Nxc2 16. Rb3 Qxa1 17. Qxa1 Nxa1 18. Rb1 Nc2 19. Be7 Re8 20. Bh4 Be6 21. Rxb7 Rab8 22. Rxa7 Ra8 23. Rxa8 Rxa8 24. f3 Rxa2 25. Kf2 Nd4 26. Ke3 Bh3 27. gxh3 Rxd2 28. Kxd2 Nxf3+ 29. Ke3 Nxh4 30. Kf2 f5 31. exf5 d5 32. Ke3 Nxf5+ 33. Ke2 e4 0-1

[Event "PAR-ch (Women)"]
[Site "Asuncion"]
[Date "2017.10.06"]
[Round "1"]
[White "Lugo, Sabrina"]
[Black "Perez Rodriguez, Jennifer"]
[Result "0-1"]
[WhiteElo "1312"]
[BlackElo "2147"]
[PlyCount "55"]
[EventDate "2017.10.06"]
[EventType "swiss"]
[EventRounds "7"]
[EventCountry "PAR"]
[SourceTitle "CBM 181 Extra"]
[Source "ChessBase"]
[SourceDate "2017.12.12"]
[SourceVersion "1"]
[SourceVersionDate "2017.12.12"]
[SourceQuality "1"]

1. e4 e5 2. Nf3 Nc6 3. Bc4 Nf6 4. Nc3 Nxe4 5. Nxe4 d5 6. Bxd5 Qxd5 7. d3 Be7 8. 0-0 0-0 9. Re1 Bg4 10. c3 Rad8 11. h3 Bh5 12. Be3 f5 13. Ng3 Bxf3 14. Qxf3 Qxf3 15. gxf3 f4 16. Bxf4 Rxf4 17. Kg2 Rxd3 18. Re3 Rd2 19. b3 Bc5 20. Re2 Rxe2 21. Nxe2 Rf8 22. Rd1 e4 23. Ng1 Ne5 24. Kh1 Nxf3 25. Nxf3 exf3 26. Kg1 Re8 27. b4 Bd6 28. Rd3 0-1